000 00523nam a2200181Ia 4500
005 20250923144352.0
008 008 250917s9999 xx 000 0 eng d
037 _aTextual
040 _aDSWL
_beng
_cDSWL
041 _aeng
_2eng
084 _aY57:3:2:N5, H7
_qDSWL
100 _aSingh, Mohinder
_9824180
245 4 _aThe depressed classes
_cby Mohinder Singh
260 _aBombay
_bHind Kitabs
_c1947
300 _a214 p.
942 _cTEXL
_hY57:3:2:N5, H7
999 _c1437987
_d1437987